30 Famous Movie Taglines Quiz Stats

Quiz Updated Oct 30, 2014

Challenge
Share
Tweet
Embed
Score 0/30 Timer 08:00
3 Plays Today
% Correct
Apollo 13
97.8%
The Social Network
93%
The Hangover
91.1%
Bonnie & Clyde
89.6%
Office Space
84.6%
I Am Legend
84.5%
Superman
80.5%
The Dark Knight
80.1%
Platoon
78.6%
Ferris Bueller's Day Off
78.3%
The Royal Tenenbaums
74.5%
The Shawshank Redemption
74.1%
Chicken Run
72.8%
Psycho
71.8%
A Nightmare On Elm Street
69.4%
% Correct
Contagion
66.7%
Quiz Show
62.6%
Brokeback Mountain
61%
The Graduate
59%
Lost In Translation
57.6%
Swingers
57.4%
Scott Pilgrim vs. the World
53.7%
Napoleon Dynamite
49%
True Lies
46.6%
The Texas Chain Saw Massacre
45.5%
12 Monkeys
41.9%
Gattaca
39.7%
Zodiac
37.8%
The Thing
35.8%
Deliverance
33.2%

You're not logged in!

Compare scores with friends on all Sporcle quizzes.
Sign Up with Email
OR
Log In

You Might Also Like...

Show Comments

Extras

Top Quizzes Today


Score Distribution

Your Account Isn't Verified!

In order to create a playlist on Sporcle, you need to verify the email address you used during registration. Go to your Sporcle Settings to finish the process.